Lugares selectos de los autores latinos de la prosa más excelentes para exercicio de la traducción con notas

Detalles Bibliográficos
Formato: Libro
Publicado: Lima 1760
Materias:
Colección:Banco de datos
Acervo:Biblioteca del Ex Convento de Nuestra Señora de Guadalupe. Zacatecas
Tema general:Literatura
Notas:Buena. XVIII,8,3 (5925)
LEADER 00689nam a22001810004500
035 |a 45215 
036 |a 6399 
245 1 0 |a Lugares selectos de los autores latinos de la prosa más excelentes para exercicio de la traducción con notas 
260 |a Lima  |b Imprenta de Huérfanos  |c 1760 
500 |a Buena. XVIII,8,3 (5925) 
650 1 0 |a Literatura 
949 |a CRZ-CG 
959 |a Ex convento de Nuestra Señora de Guadalupe, Museo Regional de Zacatecas, Zacatecas  |b CCC4 
960 |a Convento de Nuestra Señora de Guadalupe, Zacatecas  |b DD87 
961 |a Franciscana  |b OF 
942 |c CRZ-CG 
943 |g Biblioteca del Ex Convento de Nuestra Señora de Guadalupe. Zacatecas 
999 |c 969342  |d 969342